000 03979cam a22008417a 4500
003 CHAP
005 20220329140902.0
008 971013s1962 r 00010 d
010 _a59267
011 _a60239
035 _a64399
040 _cCHAP
082 _a578
_bP79
100 0 0 _aPrywer L., Czeslawa.
_992551
245 0 _aTécnica microscopica
260 _aChapingo, Méx. :
_bENA,
_c1962
300 _a41 p.
500 _aMimeógrafo
590 _aBATCH-UPD
_b10
_c20130110
_lUCH01
_h1826
590 _aBATCH-UPD
_b10
_c20130410
_lUCH01
_h1158
590 _aBATCH-UPD
_b10
_c20130914
_lUCH01
_h1817
590 _aCONVERSION
_b10
_c20130109
_lUCH01
_h1332
650 1 4 _aMicroscopio y microscopía.
_975536
710 0 _aENA.
_936669
901 _aBK
942 _cLIBRO
949 _a578 P79
_bBC
_cBPA
_d-153630
_eBPA
_fc.2
_i64399
_si
949 _a578 P79
_bBC
_cBPA
_d-153631
_eBPA
_fc.3
_i64399
_si
949 _a578 P79
_bBC
_cBPA
_d-153632
_eBPA
_fc.4
_i64399
_si
949 _a578 P79
_bBC
_cBPA
_d-153633
_eBPA
_fc.5
_i64399
_si
949 _a578 P79
_bBC
_cBPA
_d-153634
_eBPA
_fc.8
_i64399
_si
949 _a578 P79
_bBC
_cBPA
_d-153635
_eBPA
_fc.11
_i64399
_si
949 _a578 P79
_bBC
_cBPA
_d-153636
_eBPA
_fc.13
_i64399
_si
949 _a578 P79
_bBC
_cBPA
_d-153637
_eBPA
_fc.14
_i64399
_si
949 _a578 P79
_bBC
_cBPA
_d-153638
_eBPA
_fc.15
_i64399
_si
949 _a578 P79
_bBC
_cBPA
_d-153639
_eBPA
_fc.16
_i64399
_si
949 _a578 P79
_bBC
_cBPA
_d-153640
_eBPA
_fc.17
_i64399
_si
949 _a578 P79
_bBC
_cBPA
_d-153641
_eBPA
_fc.20
_i64399
_si
949 _a578 P79
_bBC
_cBPA
_d-153642
_eBPA
_fc.23
_i64399
_si
949 _a578 P79
_bBC
_cBPA
_d-153643
_eBPA
_fc.25
_i64399
_si
949 _a578 P79
_bBC
_cBPA
_d-153644
_eBPA
_fc.26
_i64399
_si
949 _a578 P79
_bBC
_cBPA
_d-153645
_eBPA
_fc.28
_i64399
_si
949 _a578 P79
_bBC
_cBPA
_d-153646
_eBPA
_fc.29
_i64399
_si
949 _a578 P79
_bBC
_cBPA
_d-153647
_eBPA
_fc.31
_i64399
_si
949 _a578 P79
_bBC
_cBPA
_d-153648
_eBPA
_fc.32
_i64399
_si
949 _a578 P79
_bBC
_cBPA
_d-153649
_eBPA
_fc.37
_i64399
_si
949 _a578 P79
_bBC
_cBPA
_d-153650
_eBPA
_fc.38
_i64399
_si
949 _a578 P79
_bBC
_cBPA
_d-153651
_eBPA
_fc.41
_i64399
_si
949 _a578 P79
_bBC
_cBPA
_d-153652
_eBPA
_fc.42
_i64399
_si
949 _a578 P79
_bBC
_cBPA
_d-153653
_eBPA
_fc.43
_i64399
_si
949 _a578 P79
_bBC
_cBPA
_d-153654
_eBPA
_fc.48
_i64399
_si
949 _a578 P79
_bBC
_cBPA
_d-153655
_eBPA
_fc.49
_i64399
_si
949 _a578 P79
_bBC
_cBPA
_d-153656
_eBPA
_fc.50
_i64399
_si
949 _a578 P79
_bBC
_cLIBRO
_d33724000423794
_eLIBRO
_fc.9
_h8633
_i64399
_si
949 _a578 P79
_bBC
_cLIBRO
_d33724000423810
_eLIBRO
_fc.22
_h8646
_i64399
_si
949 _a578 P79
_bBC
_cLIBRO
_d33724000423828
_eLIBRO
_fc.10
_h8634
_i64399
_si
949 _a578 P79
_bBC
_cLIBRO
_d33724000423836
_eLIBRO
_fc.33
_h8656
_i64399
_si
949 _a578 P79
_bBC
_cLIBRO
_d33724000423844
_eLIBRO
_fc.18
_h8642
_i64399
_si
949 _a578 P79
_bBC
_cLIBRO
_d33724000423851
_eLIBRO
_fc.21
_h8645
_i64399
_si
949 _a578 P79
_bBC
_cLIBRO
_d33724000423869
_eLIBRO
_fc.27
_h8650
_i64399
_si
949 _a578 P79
_bBC
_cLIBRO
_d33724000423877
_eLIBRO
_fc.30
_h8653
_i64399
_si
949 _a578 P79
_bBC
_cLIBRO
_d33724000423885
_eLIBRO
_fc.36
_h8659
_i64399
_si
949 _a578 P79
_bBC
_cLIBRO
_d33724000423893
_eLIBRO
_fc.34
_h8657
_i64399
_si
949 _a578 P79
_bBC
_cLIBRO
_d33724000423901
_eLIBRO
_fc.7
_h8631
_i64399
_si
949 _a578 P79
_bBC
_cLIBRO
_d33724000423943
_eLIBRO
_fc.12
_h8636
_i64399
_si
949 _a578 P79
_bBC
_cLIBRO
_d33724000423950
_eLIBRO
_fc.46
_h8668
_i64399
_si
949 _a578 P79
_bBC
_cLIBRO
_d33724000423968
_eLIBRO
_fc.45
_h8667
_i64399
_si
949 _a578 P79
_bBC
_cLIBRO
_d33724000423976
_eLIBRO
_fc.19
_h8643
_i64399
_si
949 _a578 P79
_bBC
_cLIBRO
_d33724000423984
_eLIBRO
_fc.40
_h8662
_i64399
_si
949 _a578 P79
_bBC
_cLIBRO
_d33724000423992
_eLIBRO
_fc.44
_h8666
_i64399
_si
949 _a578 P79
_bBC
_cLIBRO
_d33724000792396
_eLIBRO
_fc.35
_h8658
_i64399
_si
949 _a578 P79
_bBC
_cUACH
_d-140192
_eUACH
_h8626
_i64399
_mD
_si
999 _c59267
_d59267